| 000 | 00524nab a2200193 4500 | ||
|---|---|---|---|
| 001 | 244442 | ||
| 003 | OSt | ||
| 005 | 20250120140858.0 | ||
| 007 | tu | ||
| 008 | 200917s2020||||||| | ||
| 040 |
_aDE-2950 _cDE-2950 |
||
| 245 | 0 | 0 |
_aViadrina-Student ist Bundestagskandidat der FDP im Wahlkreis 63 _cthg |
| 264 | _c2024 | ||
| 653 | _aFrankfurt (Oder) | ||
| 653 | _aBundestagswahl | ||
| 653 | _aRichard Hennicke, | ||
| 773 | 0 |
_g36. Jahrgang (2025) Nr. 15 vom 18.01.2025, S. 15 mit Foto _tMärkische Oderzeitung |
|
| 942 |
_2z _cA |
||
| 999 |
_c373574 _d373574 |
||